[Event "Gelsenkirchen Silvester op 6th"]
[Site "Gelsenkirchen"]
[Date "2018.12.28"]
[Round "3"]
[White "Urbantat, Luis Peter"]
[Black "Lazarev, Diana"]
[Result "1-0"]
[WhiteElo "1291"]
[BlackElo "1096"]
[PlyCount "83"]
[EventDate "2018.12.27"]
[EventType "swiss"]
[EventRounds "7"]
[EventCountry "GER"]
[SourceTitle "CBM 188 Extra"]
[Source "ChessBase"]
[SourceDate "2019.02.26"]
[SourceVersion "1"]
[SourceVersionDate "2019.02.26"]
[SourceQuality "1"]

1. e4 e5 2. Nf3 Nc6 3. Bc4 Nf6 4. Nc3 Bc5 5. d3 h6 6. Bd2 0-0 7. Na4 Bb4 8. Bxb4 Nxb4 9. Nxe5 d6 10. Nf3 Bg4 11. c3 Bxf3 12. gxf3 d5 13. Bb3 Nc6 14. Qd2 d4 15. c4 Qd6 16. 0-0-0 Rab8 17. f4 Qe7 18. Rhe1 a6 19. e5 Nd7 20. Qc2 Nd8 21. Re4 b5 22. cxb5 axb5 23. Qxc7 Ne6 24. Bxe6 Qxe6 25. Nc5 Nxc5 26. Qxc5 Rbc8 27. Qxc8 Rxc8+ 28. Kb1 Qd5 29. Ka1 f5 30. Re2 Qf3 31. Rde1 Qxf4 32. a3 Ra8 33. e6 Kf8 34. e7+ Ke8 35. Rg1 g5 36. Ka2 b4 37. b3 Qf3 38. Rge1 Rxa3+ 39. Kb2 Qxd3 40. Rc2 Qxb3+ 41. Kc1 d3 42. Rc8+ 1-0

[Event "Gelsenkirchen Silvester op 6th"]
[Site "Gelsenkirchen"]
[Date "2018.12.27"]
[Round "1"]
[White "Seppelfricke, Guido"]
[Black "Urbantat, Luis Peter"]
[Result "1-0"]
[WhiteElo "1909"]
[BlackElo "1291"]
[PlyCount "41"]
[EventDate "2018.12.27"]
[EventType "swiss"]
[EventRounds "7"]
[EventCountry "GER"]
[SourceTitle "CBM 188 Extra"]
[Source "ChessBase"]
[SourceDate "2019.02.26"]
[SourceVersion "1"]
[SourceVersionDate "2019.02.26"]
[SourceQuality "1"]

1. e4 d5 2. exd5 Qxd5 3. Nc3 Qa5 4. Nf3 Nf6 5. Bc4 Bf5 6. d3 c6 7. 0-0 e6 8. Bd2 Be7 9. Nd5 Qd8 10. Nxe7 Qxe7 11. Re1 Nbd7 12. Nd4 Nc5 13. Nxf5 Qd7 14. Nxg7+ Kf8 15. Nh5 Qe7 16. Bc3 Rg8 17. Nxf6 Rg6 18. Qh5 Na4 19. Qxh7 Nxc3 20. Qh8+ Rg8 21. Qxg8# 1-0